Rèn luyện sức khỏe bằng phương pháp vận động

Sparad:
Bibliografiska uppgifter
Materialtyp: Sách
Språk:Undetermined
Publicerad:  Thể thao và Du lịch  2021
Ämnen:
Taggar: Lägg till en tagg
Inga taggar, Lägg till första taggen!
Thư viện lưu trữ: Trung tâm Thư viện - Trường Đại học Công nghiệp TP. Hồ Chí Minh
LEADER 00458nam a2200133Ia 4500
001 UIH_06835
008 231011s9999 xx 000 0 und d
082 |a  613.71 
245 0 |a  Rèn luyện sức khỏe bằng phương pháp vận động 
260 |b  Thể thao và Du lịch 
260 |c  2021 
650 |a  Thể dục;  
927 |a Sách 
980 |a Trung tâm Thư viện - Trường Đại học Công nghiệp TP. Hồ Chí Minh